[Event "BCF-chT2 2425 (4NCL)"]
[Site "England"]
[Date "2025.01.26"]
[Round "4.57"]
[White "Handley, Michael R"]
[Black "Longson, Sarah N"]
[Result "1/2-1/2"]
[WhiteElo "1980"]
[BlackElo "1936"]
[PlyCount "84"]
[EventDate "2024.11.23"]
[EventType "team-tourn"]
[EventRounds "11"]
[EventCountry "ENG"]
[SourceTitle "CB14_2025"]
[SourceDate "2024.11.01"]
[SourceVersion "1"]
[SourceVersionDate "2024.11.01"]
[SourceQuality "1"]
[WhiteTeam "Schach Attack"]
[BlackTeam "Greater Woodpushers"]
[WhiteTeamCountry "ENG"]
[BlackTeamCountry "ENG"]

1. d4 d5 2. c4 c6 3. cxd5 cxd5 4. Bf4 Nc6 5. e3 Nf6 6. Nc3 a6 7. Be2 Bf5 8. g4 Bg6 9. h4 h5 10. g5 Ne4 11. Nxe4 Bxe4 12. f3 Bf5 13. Nh3 e6 14. a3 Bxh3 15. Rxh3 Bd6 16. Bxd6 Qxd6 17. f4 g6 18. Bd3 0-0 19. Rh2 Rfc8 20. Rc1 Nxd4 21. Rxc8+ Rxc8 22. Bxg6 Nf3+ 23. Qxf3 fxg6 24. Rd2 Rc1+ 25. Rd1 Qc5 26. Qe2 Rc4 27. Qd3 Kf7 28. Kd2 b5 29. b3 Re4 30. Rc1 Qb6 31. Rc8 b4 32. a4 a5 33. Ke2 Ke7 34. Kf3 e5 35. Rb8 Rxf4+ 36. Ke2 Qxb8 37. exf4 Qd6 38. f5 e4 39. f6+ Kf7 40. Qb5 Qh2+ 41. Kf1 Qh1+ 42. Ke2 Qh2+ 1/2-1/2

[Event "BCF-chT2 2425 (4NCL)"]
[Site "England"]
[Date "2025.01.25"]
[Round "3.67"]
[White "Nguyen, Thu Giang"]
[Black "Handley, Michael R"]
[Result "1-0"]
[WhiteElo "2076"]
[BlackElo "1980"]
[PlyCount "48"]
[EventDate "2024.11.23"]
[EventType "team-tourn"]
[EventRounds "11"]
[EventCountry "ENG"]
[SourceTitle "CB14_2025"]
[SourceDate "2024.11.01"]
[SourceVersion "1"]
[SourceVersionDate "2024.11.01"]
[SourceQuality "1"]
[WhiteTeam "The ADS"]
[BlackTeam "Schach Attack"]
[WhiteTeamCountry "ENG"]
[BlackTeamCountry "ENG"]

1. e4 e6 2. d4 d5 3. Nd2 Nf6 4. e5 Nfd7 5. Bd3 c5 6. c3 Nc6 7. Ne2 cxd4 8. cxd4 f6 9. exf6 Nxf6 10. Nf3 Qc7 11. 0-0 Bd6 12. Bg5 0-0 13. Qc2 Nb4 14. Qxc7 Bxc7 15. Bb5 Bd7 16. Bxd7 Nxd7 17. Be7 Rxf3 18. gxf3 Nc6 19. Rac1 Bb6 20. Bd6 Rd8 21. Rfd1 Kf7 22. Kg2 a6 23. Rc3 Ba7 24. Rb3 b5 1-0

[Event "BCF-chT2 2425 (4NCL)"]
[Site "England"]
[Date "2024.11.23"]
[Round "1.26"]
[White "Handley, Michael R"]
[Black "Serbanescu, Diana Maria"]
[Result "1/2-1/2"]
[WhiteElo "1993"]
[BlackElo "1992"]
[PlyCount "68"]
[EventDate "2024.11.23"]
[EventType "team-tourn"]
[EventRounds "11"]
[EventCountry "ENG"]
[SourceTitle "CB48_2024"]
[SourceDate "2024.11.28"]
[SourceVersion "1"]
[SourceVersionDate "2024.11.28"]
[SourceQuality "1"]
[WhiteTeam "Schach Attack"]
[BlackTeam "Celtic Tigers"]
[WhiteTeamCountry "ENG"]
[BlackTeamCountry "ENG"]

1. d4 Nf6 2. c4 g6 3. Nc3 Bg7 4. e4 d6 5. Nge2 0-0 6. Ng3 e5 7. d5 a5 8. Be2 Na6 9. h4 h6 10. Be3 Kh7 11. h5 g5 12. Nf1 b6 13. b3 Nc5 14. Bxc5 bxc5 15. Ne3 Bd7 16. Qc2 Kh8 17. g4 Re8 18. 0-0 Qc8 19. f3 Qa6 20. Nb5 Qb6 21. Kg2 Bf8 22. Rfd1 Kg8 23. Rab1 Rec8 24. a3 Bg7 25. Qd2 Ra6 26. a4 Raa8 27. Bd3 Re8 28. Bc2 Qb8 29. Qe2 Qc8 30. Rd2 Qb8 31. Nc3 Qc8 32. Rh1 Rb8 33. Kg3 Nh7 34. Qd3 Nf6 1/2-1/2

[Event "BCF-ch Seniors 50"]
[Site "Hull"]
[Date "2024.08.03"]
[Round "6"]
[White "Handley, Michael R"]
[Black "Kennedy, Craig"]
[Result "1/2-1/2"]
[WhiteElo "2007"]
[BlackElo "1871"]
[PlyCount "46"]
[EventDate "2024.07.29"]
[EventType "swiss"]
[EventRounds "7"]
[EventCountry "ENG"]
[SourceTitle "CBM 221 Extra"]
[Source "ChessBase"]
[SourceDate "2024.09.30"]
[SourceVersion "1"]
[SourceVersionDate "2024.09.30"]
[SourceQuality "1"]

1. d4 d5 2. c4 e6 3. Nc3 h6 4. Bf4 Nf6 5. e3 Bd6 6. Bg3 0-0 7. Nf3 dxc4 8. Bxc4 Bxg3 9. hxg3 c5 10. Qd2 Qc7 11. Bb3 cxd4 12. exd4 Nc6 13. 0-0-0 Rd8 14. Qf4 Qxf4+ 15. gxf4 Nb4 16. Ne5 Nbd5 17. Nxd5 Nxd5 18. g3 b6 19. Nc6 Re8 20. Bxd5 exd5 21. Rhe1 Rxe1 22. Rxe1 Bb7 23. Ne7+ Kf8 1/2-1/2

[Event "BCF-ch Seniors 50"]
[Site "Hull"]
[Date "2024.07.30"]
[Round "2"]
[White "Handley, Michael R"]
[Black "Jaszkiwskyj, Peter"]
[Result "1-0"]
[WhiteElo "2007"]
[BlackElo "1857"]
[PlyCount "119"]
[EventDate "2024.07.29"]
[EventType "swiss"]
[EventRounds "7"]
[EventCountry "ENG"]
[SourceTitle "CBM 221 Extra"]
[Source "ChessBase"]
[SourceDate "2024.09.30"]
[SourceVersion "1"]
[SourceVersionDate "2024.09.30"]
[SourceQuality "1"]

1. d4 d5 2. c4 e6 3. Nc3 Nf6 4. Bg5 Be7 5. e3 0-0 6. Nf3 h6 7. Bh4 b6 8. Be2 Bb7 9. Bxf6 Bxf6 10. cxd5 exd5 11. 0-0 c5 12. Rc1 Nd7 13. dxc5 Nxc5 14. Nd4 Rc8 15. Bg4 Ra8 16. Bf3 Qd7 17. b4 Ne4 18. Qd3 Rfe8 19. h3 Qd6 20. Ncb5 Qxb4 21. Nc7 Qa4 22. Nxe8 Rxe8 23. Qb3 Qd7 24. Bg4 Qe7 25. Rfd1 Nc5 26. Qc2 Qe5 27. Qf5 Qe7 28. Bf3 g6 29. Qc2 Qe5 30. Nb3 Be7 31. Qc3 Qg5 32. Nxc5 Bxc5 33. Rd3 d4 34. exd4 Bxd4 35. Qc2 Bxf3 36. Rxf3 Bc5 37. Qc4 Qe7 38. Rd1 Qe6 39. Qxe6 Rxe6 40. Rd8+ Kg7 41. Rd7 Re7 42. Rxe7 Bxe7 43. Kf1 Bc5 44. g4 g5 45. Rf5 Kg6 46. Ke2 f6 47. a4 a5 48. Kd3 h5 49. Kc4 hxg4 50. hxg4 Kf7 51. Rxc5 bxc5 52. Kxc5 Ke6 53. Kb5 f5 54. Kxa5 fxg4 55. Kb5 Ke5 56. a5 Kf4 57. a6 Kf3 58. a7 Kxf2 59. a8Q g3 60. Qf8+ 1-0

[Event "BCF-chT2 2324 (4NCL)"]
[Site "England"]
[Date "2024.03.17"]
[Round "8.67"]
[White "Handley, Michael R"]
[Black "Duggan, John E"]
[Result "1-0"]
[WhiteElo "1977"]
[BlackElo "2051"]
[PlyCount "93"]
[EventDate "2023.11.11"]
[EventType "team-tourn"]
[EventRounds "11"]
[EventCountry "ENG"]
[SourceTitle "CBM 219 Extra"]
[Source "ChessBase"]
[SourceDate "2024.05.31"]
[SourceVersion "1"]
[SourceVersionDate "2024.05.31"]
[SourceQuality "1"]
[WhiteTeam "Schach Attack"]
[BlackTeam "The ADS"]
[WhiteTeamCountry "ENG"]
[BlackTeamCountry "ENG"]

1. d4 Nf6 2. c4 e6 3. Nf3 b6 4. a3 Bb7 5. Nc3 d5 6. cxd5 Nxd5 7. e3 Be7 8. Bd3 Nd7 9. e4 Nxc3 10. bxc3 0-0 11. e5 c5 12. h4 Bxf3 13. Qxf3 cxd4 14. cxd4 f6 15. Qh5 f5 16. Qe2 b5 17. Bxb5 Nb6 18. Bb2 Rb8 19. 0-0 Bxh4 20. Rac1 Nd5 21. Rc5 f4 22. Qe4 Be7 23. Bd3 g6 24. Rc2 Bh4 25. Bc4 Qd7 26. Qf3 Bd8 27. Rd1 Bb6 28. Bc3 a5 29. Bxd5 exd5 30. Rb2 a4 31. Bb4 Bc7 32. Rc2 Rf5 33. Rxc7 Qxc7 34. Bd6 Qb7 35. Bxb8 Qxb8 36. Qxd5+ Kg7 37. Qd7+ Rf7 38. Qxa4 f3 39. e6 Ra7 40. Qb4 Rb7 41. Qc5 Rb1 42. Qe7+ Kh6 43. Rxb1 Qxb1+ 44. Kh2 Qe4 45. Qf8+ Kg5 46. Qxf3 Qxd4 47. e7 1-0

[Event "BCF-chT2 2324 (4NCL)"]
[Site "England"]
[Date "2024.01.13"]
[Round "3.67"]
[White "Stork, Christopher"]
[Black "Handley, Michael R"]
[Result "1/2-1/2"]
[WhiteElo "2046"]
[BlackElo "1977"]
[PlyCount "79"]
[EventDate "2023.11.11"]
[EventType "team-tourn"]
[EventRounds "11"]
[EventCountry "ENG"]
[SourceTitle "CBM 219 Extra"]
[Source "ChessBase"]
[SourceDate "2024.05.31"]
[SourceVersion "1"]
[SourceVersionDate "2024.05.31"]
[SourceQuality "1"]
[WhiteTeam "Anglian Avengers"]
[BlackTeam "Schach Attack"]
[WhiteTeamCountry "ENG"]
[BlackTeamCountry "ENG"]

1. Nf3 d5 2. d4 Nf6 3. c4 c6 4. cxd5 cxd5 5. Nc3 Nc6 6. Bf4 a6 7. e3 Bf5 8. Bd3 Bxd3 9. Qxd3 e6 10. 0-0 Be7 11. h3 0-0 12. Rfc1 Rc8 13. Nd2 b5 14. Nb3 Qb6 15. a4 b4 16. a5 Qb7 17. Na4 Nd7 18. Bg3 Na7 19. Qf1 Rxc1 20. Rxc1 Rc8 21. Rxc8+ Nxc8 22. Qc1 Na7 23. Qc7 Qxc7 24. Bxc7 Kf8 25. Kf1 Ke8 26. Ke2 Nc6 27. Kd3 Bd8 28. Bxd8 Kxd8 29. Nac5 Ndb8 30. f4 Kc7 31. g4 Nd8 32. f5 exf5 33. gxf5 Nb7 34. Nxb7 Kxb7 35. e4 dxe4+ 36. Kxe4 Kc6 37. Nc5 Kd6 38. Nb7+ Kc7 39. Nc5 Kd6 40. Nb7+ 1/2-1/2

[Event "GBR-ch Seniors 50 108th"]
[Site "Torquay"]
[Date "2022.08.14"]
[Round "7"]
[White "Mueller, Jens1"]
[Black "Handley, Michael R"]
[Result "1/2-1/2"]
[WhiteElo "1879"]
[BlackElo "1975"]
[PlyCount "32"]
[EventDate "2022.08.08"]
[EventType "swiss"]
[EventRounds "7"]
[EventCountry "ENG"]
[SourceTitle "EXT 2024"]
[Source "ChessBase"]
[SourceDate "2023.10.10"]
[SourceVersion "1"]
[SourceVersionDate "2023.10.10"]
[SourceQuality "1"]

1. d4 Nf6 2. Bf4 d5 3. e3 e6 4. Nd2 Bd6 5. Bg3 0-0 6. Ngf3 b6 7. Ne5 Ne4 8. Bd3 Bb7 9. Qh5 Nd7 10. Nxd7 Qxd7 11. f3 g6 12. Qh3 Nxd2 13. Kxd2 a5 14. c3 Ba6 15. Bxa6 Rxa6 16. Bxd6 Qxd6 1/2-1/2

[Event "Leamington Spa 4NCL op 25th"]
[Site "Leamington Spa"]
[Date "2021.07.09"]
[Round "1"]
[White "Handley, Michael R"]
[Black "Kett, Timothy"]
[Result "1/2-1/2"]
[WhiteElo "1979"]
[BlackElo "2178"]
[PlyCount "64"]
[EventDate "2021.07.09"]
[EventType "swiss"]
[EventRounds "5"]
[EventCountry "ENG"]
[SourceTitle "CBM 203 Extra"]
[Source "ChessBase"]
[SourceDate "2021.09.30"]
[SourceVersion "1"]
[SourceVersionDate "2021.09.30"]
[SourceQuality "1"]

1. d4 d5 2. c4 e6 3. Nf3 c5 4. cxd5 exd5 5. Nc3 Nc6 6. g3 Nf6 7. Bg2 cxd4 8. Nxd4 Bc5 9. Nb3 Bb6 10. Nxd5 Be6 11. e4 Bxd5 12. exd5 Qe7+ 13. Qe2 Qxe2+ 14. Kxe2 Nb4 15. Rd1 0-0 16. h3 Rfe8+ 17. Kf1 Rad8 18. Bg5 Rd6 19. Rd2 Ne4 20. Bxe4 Rxe4 21. a3 Rxd5 22. axb4 Rxg5 23. Rxa7 h5 24. Rxb7 Rxb4 25. Rd8+ Kh7 26. Rdb8 Rgb5 27. Nd4 Rxd4 28. Rxb6 Rc5 29. R8b7 h4 30. Rb4 Rxb4 31. Rxb4 hxg3 32. fxg3 Rc2 1/2-1/2